Akciové indexy vo svete
NYSE Composite Index. Nasdaq Composite Index. Dow Jones Wilshire 5000.Porovnanie niektorých štatistík amerických "all share" indexov. Kanadský Toronto Stock Exchange 300 Composite Index . Brazílsky Bovespa index. Korean Composite Stock Price Index" .SMI (Swiss Market Index). CESI index (Central Eu...
Salvato in:
| Autore principale: | |
|---|---|
| Natura: | Capitolo di libro |
| Lingua: | slovacco |
| Soggetti: | |
| Tags: |
Nessun Tag, puoi essere il primo ad aggiungerne!!
|
MARC
| LEADER | 00000nla$a2200000$$$4500 | ||
|---|---|---|---|
| 001 | 0050119 | ||
| 005 | 20231121080756.5 | ||
| 041 | 0 | |a slo | |
| 044 | |a SK | ||
| 245 | 1 | 0 | |a Akciové indexy vo svete |c Ján Valter |
| 520 | |a NYSE Composite Index. Nasdaq Composite Index. Dow Jones Wilshire 5000.Porovnanie niektorých štatistík amerických "all share" indexov. Kanadský Toronto Stock Exchange 300 Composite Index . Brazílsky Bovespa index. Korean Composite Stock Price Index" .SMI (Swiss Market Index). CESI index (Central European Stock Index). All Ordinaries Index ako hlavný austrálsky trhový indikátor. | ||
| 610 | 2 | 0 | |a indexy burzové |
| 610 | 2 | 0 | |a krajiny vyspelé |
| 610 | 2 | 0 | |a burzy |
| 610 | 2 | 0 | |a porovnanie medzinárodné |
| 100 | 1 | |a Valter, Ján | |